Mosaico literario epistolar, para ejercitarse los niños en la lectura de manuscritos / (Record no. 182079)

MARC details
000 -LEADER
campo de control de longitud fija 00748nam a2200193 i 4500
001 - NÚMERO DE CONTROL
campo de control 182079
003 - IDENTIFICADOR DE NÚMERO DE CONTROL
campo de control ES-MaACL
005 - FECHA Y HORA DE LA ÚLTIMA TRANSACCIÓN
campo de control 20251009165259.0
008 - DATOS DE LONGITUD FIJA--INFORMACIÓN GENERAL
campo de control de longitud fija 130603s1893 sp |||| | spa d
245 00 - MENCIÓN DEL TÍTULO
Título Mosaico literario epistolar, para ejercitarse los niños en la lectura de manuscritos /
Mención de responsabilidad, etc. compilado por por Bastinos y Puig.
250 ## - MENCION DE EDICION
Mención de edición 28ª ed.
260 ## - PUBLICACIÓN, DISTRIBUCIÓN, ETC.
Lugar de publicación, distribución, etc. Barcelona :
Nombre del editor, distribuidor, etc. Libreria de Antonio J. Bastinos,
Fecha de publicación, distribución, etc. 1893.
300 ## - DESCRIPCIÓN FÍSICA
Extensión 195 p. ;
Dimensiones 15 cm.
650 #4 - PUNTO DE ACCESO ADICIONAL DE MATERIA--TÉRMINO DE MATERIA
Término de materia o nombre geográfico como elemento de entrada Niños-
Subdivisión general Libros y lectura.
9 (RLIN) 152832
700 1# - ENTRADA AGREGADA--NOMBRE PERSONAL
Nombre de persona Bastinos, Antonio J.,
Fechas asociadas al nombre 1838-1928
9 (RLIN) 152830
700 1# - ENTRADA AGREGADA--NOMBRE PERSONAL
Nombre de persona Puig y Sevall, Luis.
9 (RLIN) 152831
852 ## - LOCALIZACIÓN
Ubicación ES-MaACL
Número de control de estantería 2132-F-5
Nota libre .- Donat. de los herederos de la biblioteca de Mª del Pilar Costa Palacín
Holdings
Estatus retirado Estado de pérdida Estado de daño No para préstamo Colección Biblioteca de origen Biblioteca actual Ubicación en estantería Fecha de adquisición Fuente de adquisición Total de préstamos Signatura topográfica completa Código de barras Visto por última vez Precio de reemplazo Tipo de ítem Koha
        Colección de folletos Biblioteca del Ateneo de Madrid Biblioteca del Ateneo de Madrid Depósito folletos 03/06/2013     2132-F-5 1191340 23/02/2023 23/02/2023 Folleto